00816nas a2200229Ia 4500001001100000003000900011008004100020040001300061040001300074041001300087100004400100210002300144222002300167245011100190250001100301260002100312501008600333300001500419362003400434500008200468650003600550R026/43475IT-RoPAU151124c99999999xx |||||||||||| ||und|| aIT-RoPAU cIT-RoPAU aITALIANO aMilano AndreagCodice Aut. SPICS: 38150 aNOSTRO CINEMA (IL) aNostro Cinema (Il) aNOSTRO CINEMA (IL), ANNO 11-N.122 (APRILE 1973)bCrisi Dell'Uomo (La)-Secolarizzazione E Valori Spirituali a1a ed. aROMAbACECc1973 bPaulus - SPICS - Società San Paolo EM (non-commercial uses only)cCopyright2015 a2 p. [4-5] aANNO 011, N.122 (APRILE 1973) aCittà Secolare. Mondo Contraddittorio. Alle Origini della Secolarizzazione. aCINEMAvPUBBLICAZIONE PERIODICA